Practical guide to diagnosing structural movement in buildings (Record no. 115909)
[ view plain ]
| 000 -LEADER | |
|---|---|
| fixed length control field | 00837cam a22002295a 4500 |
| 001 - CONTROL NUMBER | |
| control field | L159448 |
| 008 - FIXED-LENGTH DATA ELEMENTS--GENERAL INFORMATION | |
| fixed length control field | 270912s2012 xxk af 001 0 eng d |
| 020 ## - INTERNATIONAL STANDARD BOOK NUMBER | |
| International Standard Book Number | 9781118250365 |
| 035 ## - SYSTEM CONTROL NUMBER | |
| System control number | (Sirsi) u159448 |
| 041 0# - LANGUAGE CODE | |
| Language code of text/sound track or separate title | eng |
| 050 04 - LIBRARY OF CONGRESS CALL NUMBER | |
| Classification number | 690.25 $2 18 |
| 100 1# - MAIN ENTRY--PERSONAL NAME | |
| Personal name | Holland, Malcolm |
| 245 00 - TITLE STATEMENT | |
| Title | Practical guide to diagnosing structural movement in buildings |
| Medium | [electronic resource] |
| 260 ## - PUBLICATION, DISTRIBUTION, ETC. | |
| Place of publication, distribution, etc. | Chichester |
| Name of publisher, distributor, etc. | John Wiley & Sons |
| Date of publication, distribution, etc. | 2012 |
| 300 ## - PHYSICAL DESCRIPTION | |
| Extent | ebook |
| 520 ## - SUMMARY, ETC. | |
| Summary, etc. | Sets out a methodology for diagnosing the causes of cracks in buildings, and looks at ways of stopping further movement and repairing damage. |
| 650 24 - SUBJECT ADDED ENTRY--TOPICAL TERM | |
| Topical term or geographic name entry element | EBOOK |
| 651 #4 - SUBJECT ADDED ENTRY--GEOGRAPHIC NAME | |
| Geographic name | United Kingdom |
| Chronological subdivision | |
| 690 ## - LOCAL SUBJECT ADDED ENTRY--TOPICAL TERM (OCLC, RLIN) | |
| Topical term or geographic name as entry element | Building materials and defects |
| 856 40 - ELECTRONIC LOCATION AND ACCESS | |
| Uniform Resource Identifier | <a href="https://www.vlebooks.com/">https://www.vlebooks.com/</a> |
| Public note | View on VLEbooks. Logins for members only from [email protected] |
| 942 ## - ADDED ENTRY ELEMENTS (KOHA) | |
| Suppress in OPAC | 0 |
| Withdrawn status | Lost status | Source of classification or shelving scheme | Damaged status | Not for loan | Home library | Current library | Shelving location | Date acquired | Total Checkouts | Full call number | Barcode | Date last seen | Copy number | Price effective from | Koha item type |
|---|---|---|---|---|---|---|---|---|---|---|---|---|---|---|---|
| Dewey Decimal Classification | Virtual | Virtual | Online | 24/07/2017 | ONLINE PUBLICATION | 159448-2001 | 06/08/2019 | 1 | 06/08/2019 | Book |